00513nam a2200169Ia 4500008004100000082001300041100002400054245004500078250000800123260003300131300001400164500002400178650001200202942000700214952010500221999001700326230524s9999 xx 000 0 und d a6.3bARO aSumita Arora924013 0aPracticals & Projects in C++ (Class-XII) a1ST aNEW DELHIbDhanpat Raic1998 aXXIV;1141 aQuantity Number: 1 aComp-Sc cBK 00104070aTATCLbTATCLcGENd2023-05-24l0o006.3 AROp13339r2023-05-24w2023-05-24yBKzBSCP2201 c35561d35561